000 00608nam a2200181Ia 4500
008 090630s9999 xx 000 0 und d
082 _b9881
100 _aपार्डीकर प्रभा.
245 _aचैत्राली.
_cपार्डीकर प्रभा.
260 _bसंतोष - पुणे.
_c1982
300 _a111
600 _aपार्डीकर प्रभा.
630 _aचैत्राली.
655 _aकादंबरी.
700 _aपार्डीकर प्रभा.
730 _aचैत्राली.
942 _cBOOK
999 _c261737
_d261737